000 00692cab a2200229 4500
001 WB3425-61
008 090401t1998 xxu||||| |||| 00| 0 eng d
035 _a(Sirsi) u87205
041 _aeng
245 _aVO private sector trial
260 _c1998
350 _a0
490 _aInland Revenue Press Release
_v(95/98) 23 June 1998, (2)
520 _aThe Valuation Office private sector experiment has resulted in a decision not to take any steps at this stage to contract out work.
650 _aFEASIBILITY STUDY
650 _aPRIVATE SECTOR
650 _aVALUATION OFFICE
650 _aValuation
_96273
690 _aRATING AND VALUATION
942 _n0
948 _c03/07/1998
999 _c54987
_d54987